[Event "FICGS W-ch st1 g14 email"]
[Site "FICGS email"]
[Date "2011.04.01"]
[Round "1"]
[White "Rezack, Thomas J"]
[Black "Muller, Henrique"]
[Result "0-1"]
[WhiteElo "1530"]
[BlackElo "1938"]
[PlyCount "50"]
[EventDate "2011.??.??"]
[EventType "tourn (corr)"]
[EventRounds "8"]
[SourceTitle "Corr 2013"]
[Source "ChessBase"]
[SourceDate "2012.11.12"]
[SourceVersion "1"]
[SourceVersionDate "2012.11.12"]
[SourceQuality "1"]

1. e4 c5 2. Nf3 d6 3. d4 cxd4 4. Nxd4 Nf6 5. Nc3 a6 6. Bg5 e6 7. f4 Qb6 8. Qd2 Qxb2 9. Rb1 Qa3 10. Bc4 Nbd7 11. 0-0 Qc5 12. Bb3 e5 13. Na4 Qxd4+ 14. Qxd4 exd4 15. e5 Ne4 16. exd6 Bxd6 17. Bh4 0-0 18. Rbd1 Ndf6 19. Rxd4 Bb8 20. Rfd1 Bg4 21. Rf1 Ba7 22. Bxf6 Nxf6 23. c3 b5 24. Nb2 b4 25. Kh1 bxc3 0-1

[Event "FICGS W-ch st1 g14 email"]
[Site "FICGS email"]
[Date "2011.04.01"]
[Round "1"]
[White "Stephen"]
[Black "Muller, Henrique"]
[Result "1-0"]
[WhiteElo "2079"]
[BlackElo "1938"]
[PlyCount "119"]
[EventDate "2011.??.??"]
[EventType "tourn (corr)"]
[EventRounds "8"]
[SourceTitle "Corr 2013"]
[Source "ChessBase"]
[SourceDate "2012.11.12"]
[SourceVersion "1"]
[SourceVersionDate "2012.11.12"]
[SourceQuality "1"]

1. d4 Nf6 2. c4 e6 3. Nc3 d5 4. Nf3 Nbd7 5. cxd5 exd5 6. Bf4 c6 7. e3 Be7 8. Bd3 0-0 9. Qc2 Re8 10. h3 Nf8 11. 0-0-0 Be6 12. Kb1 Qa5 13. g4 Bb4 14. Nd2 Ng6 15. Bg3 Bxc3 16. Qxc3 Qxc3 17. bxc3 Ne4 18. Nxe4 dxe4 19. Be2 Rad8 20. c4 f6 21. h4 Ne7 22. Kb2 Rd7 23. a4 Kf7 24. Kc3 Rc8 25. Rb1 b6 26. f3 exf3 27. Bxf3 f5 28. Rhf1 Kg8 29. g5 Bf7 30. h5 b5 31. axb5 cxb5 32. c5 Bc4 33. Rf2 a5 34. Ra1 Ra7 35. Bd6 Re8 36. e4 a4 37. exf5 Nxf5 38. Be5 Ne7 39. h6 g6 40. Kb4 Rf8 41. Bf6 Nd5+ 42. Bxd5+ Bxd5 43. Re2 Rfa8 44. Re5 Rd7 45. Ra3 Bf7 46. Re1 Bd5 47. Rae3 Kf8 48. Be7+ Kg8 49. Bd6 Bf7 50. d5 Rda7 51. c6 a3 52. c7 a2 53. Be5 Ra4+ 54. Kc5 Rc4+ 55. Kxb5 Rxc7 56. Bxc7 a1Q 57. Rxa1 Rxa1 58. d6 Rd1 59. Kc6 Bd5+ 60. Kd7 1-0

[Event "FICGS rapid A 000091 email"]
[Site "FICGS email"]
[Date "2010.10.10"]
[Round "1"]
[White "Domingo Gadea, Jordi"]
[Black "Muller, Henrique"]
[Result "1-0"]
[WhiteElo "1970"]
[BlackElo "2021"]
[PlyCount "69"]
[EventDate "2010.??.??"]
[EventType "tourn (rapid)"]
[EventRounds "6"]
[SourceTitle "Corr 2013"]
[Source "ChessBase"]
[SourceDate "2012.11.12"]
[SourceVersion "1"]
[SourceVersionDate "2012.11.12"]
[SourceQuality "1"]

1. e4 c5 2. Nf3 d6 3. c3 Nc6 4. d4 cxd4 5. cxd4 e6 6. Nc3 Nf6 7. Bd3 Be7 8. 0-0 0-0 9. a3 a6 10. Re1 h6 11. e5 dxe5 12. dxe5 Nd5 13. Qe2 Nxc3 14. bxc3 Qa5 15. Qe4 g6 16. Bxh6 Rd8 17. c4 Qc3 18. Red1 Nd4 19. Nxd4 Rxd4 20. Qe3 Rd8 21. Be2 Qxe3 22. Rxd8+ Bxd8 23. Bxe3 Bd7 24. Bf3 Rb8 25. Rd1 Bc6 26. Bxc6 bxc6 27. Ba7 Rc8 28. Rd7 Kg7 29. Bc5 Ra8 30. f4 Ba5 31. Bd6 Rd8 32. Rb7 Rc8 33. g3 Bc3 34. Kf2 Ba5 35. Kf3 1-0

[Event "FICGS rapid A 000091 email"]
[Site "FICGS email"]
[Date "2010.10.10"]
[Round "1"]
[White "Muller, Henrique"]
[Black "James, Angus S"]
[Result "0-1"]
[WhiteElo "2021"]
[BlackElo "2000"]
[PlyCount "104"]
[EventDate "2010.??.??"]
[EventType "tourn (rapid)"]
[EventRounds "6"]
[SourceTitle "Corr 2013"]
[Source "ChessBase"]
[SourceDate "2012.11.12"]
[SourceVersion "1"]
[SourceVersionDate "2012.11.12"]
[SourceQuality "1"]

1. e4 c5 2. Nf3 d6 3. d4 cxd4 4. Nxd4 Nf6 5. Nc3 a6 6. Bg5 e6 7. f4 Qb6 8. Qd2 Qxb2 9. Rb1 Qa3 10. e5 dxe5 11. fxe5 h6 12. Bxf6 gxf6 13. exf6 Nd7 14. Bc4 Qc5 15. Be2 Nxf6 16. 0-0 Bg7 17. Kh1 0-0 18. Rbd1 b5 19. Rf3 b4 20. Na4 Qc7 21. Rd3 e5 22. Nb3 Bf5 23. Qxb4 Bxd3 24. cxd3 Rac8 25. Bf3 Nd7 26. Qe1 Rfd8 27. h3 Qb8 28. Rb1 Qd6 29. Nb2 Rc2 30. Bd1 Rc7 31. Bf3 Rb8 32. Rd1 Qb4 33. Qg3 Qf4 34. Qxf4 exf4 35. Nc4 Nc5 36. Nxc5 Rxc5 37. Kh2 Rd8 38. Kg1 Bc3 39. Kf2 Kg7 40. Ke2 Rc7 41. Be4 Re7 42. Kf3 Rd4 43. Rc1 Rexe4 44. Rxc3 Re8 45. Kf2 Red8 46. Nb2 R8d6 47. Rc2 Rg6 48. a3 Rg3 49. Rc6 Rd5 50. h4 Rh5 51. Rxa6 Rxh4 52. Nc4 Rxd3 0-1

[Event "FICGS rapid A 000091 email"]
[Site "FICGS email"]
[Date "2010.10.10"]
[Round "1"]
[White "Muller, Henrique"]
[Black "Kukula, Pawel"]
[Result "0-1"]
[WhiteElo "2021"]
[BlackElo "2041"]
[PlyCount "68"]
[EventDate "2010.??.??"]
[EventType "tourn (rapid)"]
[EventRounds "6"]
[SourceTitle "Corr 2013"]
[Source "ChessBase"]
[SourceDate "2012.11.12"]
[SourceVersion "1"]
[SourceVersionDate "2012.11.12"]
[SourceQuality "1"]

1. e4 c5 2. Nf3 Nc6 3. d4 cxd4 4. Nxd4 Nf6 5. Nc3 e5 6. Ndb5 d6 7. Bg5 a6 8. Bxf6 gxf6 9. Nd5 axb5 10. Bxb5 Bg7 11. 0-0 0-0 12. Ne3 Ne7 13. Qf3 Be6 14. a4 Qc8 15. Bd3 Qc5 16. Rfd1 Qb4 17. b3 Nc6 18. Qh5 Nd4 19. h3 Rfc8 20. Bc4 Rc7 21. Rac1 Qc5 22. Rd3 Kh8 23. Rcd1 Re7 24. Bd5 Rc8 25. c3 Nxb3 26. Nf5 Bxf5 27. exf5 e4 28. Re3 Na5 29. Rxe4 Rxe4 30. Bxe4 Rc7 31. Bd5 Nc6 32. Bxf7 Qxc3 33. Be6 Bf8 34. Qe8 Kg7 0-1

[Event "FICGS rapid A 000091 email"]
[Site "FICGS email"]
[Date "2010.10.10"]
[Round "1"]
[White "Riha, Josef"]
[Black "Muller, Henrique"]
[Result "1/2-1/2"]
[WhiteElo "2041"]
[BlackElo "2021"]
[PlyCount "49"]
[EventDate "2010.??.??"]
[EventType "tourn (rapid)"]
[EventRounds "6"]
[SourceTitle "Corr 2013"]
[Source "ChessBase"]
[SourceDate "2012.11.12"]
[SourceVersion "1"]
[SourceVersionDate "2012.11.12"]
[SourceQuality "1"]

1. d4 Nf6 2. c4 e6 3. Nf3 d5 4. Nc3 c6 5. Bg5 h6 6. Bh4 dxc4 7. e4 g5 8. Bg3 b5 9. Be2 Bb7 10. h4 g4 11. Ne5 h5 12. 0-0 Nbd7 13. Qc2 Nxe5 14. Bxe5 Bg7 15. Rad1 0-0 16. f3 Nh7 17. Bxg7 Kxg7 18. fxg4 Qxh4 19. gxh5 Ng5 20. Qd2 Nh3+ 21. gxh3 Qg3+ 22. Kh1 Qxh3+ 23. Kg1 Qg3+ 24. Kh1 Qh3+ 25. Kg1 1/2-1/2

[Event "FICGS rapid A 000090 email"]
[Site "FICGS email"]
[Date "2010.09.27"]
[Round "1"]
[White "Domingo Gadea, Jordi"]
[Black "Muller, Henrique"]
[Result "1/2-1/2"]
[WhiteElo "1970"]
[BlackElo "2021"]
[PlyCount "113"]
[EventDate "2010.??.??"]
[EventType "tourn (rapid)"]
[EventRounds "6"]
[SourceTitle "Corr 2013"]
[Source "ChessBase"]
[SourceDate "2012.11.12"]
[SourceVersion "1"]
[SourceVersionDate "2012.11.12"]
[SourceQuality "1"]

1. b4 e5 2. a3 d5 3. Bb2 Bd6 4. Nf3 Qe7 5. e3 Nf6 6. c4 c6 7. Nc3 d4 8. Ne2 0-0 9. exd4 exd4 10. Bxd4 a5 11. Be3 axb4 12. axb4 Rxa1 13. Qxa1 Bxb4 14. Nc3 Nbd7 15. h3 Ne5 16. Nxe5 Qxe5 17. Qb2 Bd6 18. Be2 Ne4 19. Qb3 Nc5 20. Qb6 Ne6 21. d4 Qf5 22. 0-0 Bc7 23. Qa7 Re8 24. Bf3 Qd3 25. Rc1 Qg6 26. Kf1 Bf4 27. d5 Ng5 28. Qd4 Be5 29. Qd1 Nxf3 30. Qxf3 Qd3+ 31. Qe2 Bf5 32. g4 Bg6 33. Kg1 f6 34. Qxd3 Bxd3 35. dxc6 bxc6 36. Na4 Bg6 37. Nc5 h5 38. Rd1 hxg4 39. hxg4 Bf7 40. Nd7 Bc7 41. Bb6 Bf4 42. Rd4 Bc1 43. Kg2 Bb2 44. Rd2 Ba3 45. Rd4 Re2 46. Nb8 c5 47. Rd8+ Kh7 48. g5 fxg5 49. Nd7 Bxc4 50. Bxc5 Bb2 51. Nf8+ Kh6 52. Bd4 Kh5 53. Bxb2 Rxb2 54. Rd6 Re2 55. Nd7 Re8 56. Rd4 Bb5 57. Kg3 1/2-1/2

[Event "FICGS class B 000125 email"]
[Site "FICGS email"]
[Date "2010.09.20"]
[Round "1"]
[White "James, Angus S"]
[Black "Muller, Henrique"]
[Result "1/2-1/2"]
[WhiteElo "2000"]
[BlackElo "1950"]
[PlyCount "71"]
[EventDate "2010.??.??"]
[EventType "tourn (corr)"]
[EventRounds "6"]
[SourceTitle "Corr 2013"]
[Source "ChessBase"]
[SourceDate "2012.11.12"]
[SourceVersion "1"]
[SourceVersionDate "2012.11.12"]
[SourceQuality "1"]

1. e4 c5 2. Nf3 d6 3. d4 cxd4 4. Nxd4 Nf6 5. Nc3 a6 6. Bc4 e6 7. 0-0 b5 8. Bb3 Be7 9. Qf3 Qc7 10. Qg3 0-0 11. Bh6 Ne8 12. Rad1 Bd7 13. Nf3 Nc6 14. Bf4 Qb7 15. Rfe1 b4 16. Ne2 e5 17. Bg5 a5 18. Ba4 Bxg5 19. Qxg5 Rc8 20. c4 Be6 21. b3 f6 22. Qe3 g6 23. h3 Rf7 24. Ng3 Qa7 25. Qd2 Kg7 26. Nf1 Nb8 27. Ne3 Nd7 28. Ng4 Qc7 29. Nfh2 Nc5 30. Bb5 Qb7 31. Qe3 Qe7 32. Qh6+ Kg8 33. Nf3 Rf8 34. Qd2 Qb7 35. Qe3 Qb6 36. Bxe8 1/2-1/2

[Event "FICGS rapid A 000089 email"]
[Site "FICGS email"]
[Date "2010.09.16"]
[Round "1"]
[White "Cristancho, Fernando"]
[Black "Muller, Henrique"]
[Result "1/2-1/2"]
[WhiteElo "2079"]
[BlackElo "1950"]
[PlyCount "145"]
[EventDate "2010.??.??"]
[EventType "tourn (rapid)"]
[EventRounds "6"]
[SourceTitle "Corr 2013"]
[Source "ChessBase"]
[SourceDate "2012.11.12"]
[SourceVersion "1"]
[SourceVersionDate "2012.11.12"]
[SourceQuality "1"]

1. e4 c5 2. Nf3 d6 3. d4 cxd4 4. Nxd4 Nf6 5. Nc3 a6 6. Bc4 e6 7. Bb3 b5 8. 0-0 Be7 9. Qf3 Qc7 10. Re1 0-0 11. Qg3 Re8 12. a3 Nh5 13. Qh3 Nf6 14. Be3 Nbd7 15. Qg3 Nh5 16. Qh3 Nhf6 17. Bg5 Nc5 18. Ba2 Rb8 19. b4 Ncd7 20. Rad1 h6 21. Bd2 Qb6 22. Bc1 Ne5 23. f4 Bb7 24. fxe5 dxe5 25. Be3 exd4 26. Bxd4 Qc6 27. e5 Nh7 28. Ne4 Ng5 29. Nxg5 Bxg5 30. c3 Rbd8 31. Re2 Rd7 32. Rf1 Qc7 33. Qg3 Qd8 34. Qd3 Bc6 35. g3 Bd5 36. a4 Bxa2 37. Rxa2 Qb8 38. Qf3 Qb7 39. Qxb7 Rxb7 40. Kg2 Rd8 41. axb5 axb5 42. Kf3 f5 43. Ra6 Kf7 44. h4 Be7 45. g4 Bxb4 46. gxf5 exf5 47. Kf4 Bf8 48. Kxf5 b4 49. Rc6 b3 50. Ke4+ Ke8 51. h5 Kd7 52. Rg6 Ke8 53. Ra6 Rc8 54. Re6+ Be7 55. Kd3 Rd8 56. Rb1 Rc8 57. Rb2 Kf7 58. Rg6 Ba3 59. Rbg2 Kf8 60. Rf2+ Kg8 61. Rf1 Bc5 62. Rg2 Rc6 63. Rb1 Ba3 64. Ke4 b2 65. Kd5 Ra6 66. Rg3 Rd7+ 67. Ke4 Rd8 68. Rg2 Rc6 69. Kd3 Rd7 70. Rg4 Rdc7 71. Rbg1 Bc5 72. Rb1 Ba3 73. Rbg1 1/2-1/2

[Event "FICGS W-ch st1 g01 email"]
[Site "FICGS email"]
[Date "2010.07.02"]
[Round "1"]
[White "Muller, Henrique"]
[Black "Ould Ahmed, Samy"]
[Result "1/2-1/2"]
[WhiteElo "1969"]
[BlackElo "1966"]
[PlyCount "96"]
[EventDate "2010.??.??"]
[EventType "tourn (corr)"]
[EventRounds "6"]
[SourceTitle "Corr 2013"]
[Source "ChessBase"]
[SourceDate "2012.11.12"]
[SourceVersion "1"]
[SourceVersionDate "2012.11.12"]
[SourceQuality "1"]

1. e4 c5 2. Nf3 d6 3. d4 cxd4 4. Nxd4 Nf6 5. Nc3 a6 6. Bg5 e6 7. f4 Qb6 8. Qd2 Qxb2 9. Rb1 Qa3 10. e5 h6 11. Bxf6 gxf6 12. exd6 Nd7 13. Be2 Qxd6 14. Ne4 Qc7 15. Bh5 Qc4 16. Qe3 Be7 17. f5 Nc5 18. fxe6 Bxe6 19. Nxc5 Qxc5 20. Bf3 Rd8 21. c3 0-0 22. 0-0 Qg5 23. Qxg5+ hxg5 24. Nxe6 fxe6 25. Rxb7 Bc5+ 26. Kh1 Rd2 27. Rc7 Bd6 28. Rc6 Kf7 29. Rd1 Rxd1+ 30. Bxd1 Ke7 31. Rxa6 f5 32. Ra7+ Kf6 33. Bb3 Rc8 34. Ra6 Ke5 35. Ra5+ Kf6 36. c4 Bb4 37. Rb5 Bc5 38. g3 e5 39. g4 e4 40. gxf5 Kxf5 41. Kg2 e3 42. Bd1 Ke4 43. a4 Kd4 44. Bf3 Rf8 45. h3 Kxc4 46. Be2+ Kd4 47. Bf3 Kc4 48. Be2+ Kd4 1/2-1/2

[Event "FICGS rapid M 000027 email"]
[Site "FICGS email"]
[Date "2010.03.21"]
[Round "1"]
[White "Krakovsky, Peter"]
[Black "Muller, Henrique"]
[Result "1-0"]
[WhiteElo "2200"]
[BlackElo "2108"]
[PlyCount "109"]
[EventDate "2010.??.??"]
[EventType "tourn (rapid)"]
[EventRounds "6"]
[SourceTitle "Corr 2013"]
[Source "ChessBase"]
[SourceDate "2012.11.12"]
[SourceVersion "1"]
[SourceVersionDate "2012.11.12"]
[SourceQuality "1"]

1. e4 c5 2. Nf3 d6 3. d4 cxd4 4. Nxd4 Nf6 5. Nc3 a6 6. Be3 e5 7. Nb3 Be6 8. f3 Be7 9. Qd2 0-0 10. 0-0-0 Nbd7 11. g4 b5 12. g5 b4 13. Ne2 Ne8 14. f4 a5 15. f5 a4 16. Nbd4 exd4 17. Nxd4 b3 18. Kb1 bxa2+ 19. Ka1 Nc5 20. fxe6 Nxe6 21. h4 Nxd4 22. Bxd4 Nc7 23. Bc4 Ne6 24. Bc3 Qc7 25. Bd5 a3 26. Bxa8 axb2+ 27. Bxb2 Rxa8 28. Rh3 Ra4 29. Rc3 Qb8 30. e5 d5 31. Qxd5 Bf8 32. h5 Rb4 33. Rb3 Nxg5 34. Kxa2 Ne6 35. Rf1 h6 36. Kb1 Qa7 37. Rxb4 Bxb4 38. Qc6 Bc5 39. Rd1 Bf8 40. Rf1 Bc5 41. Qb5 Bf8 42. Rd1 Qe7 43. Qd3 Qb4 44. Rf1 Ng5 45. Qd5 Qh4 46. Qh1 Qb4 47. Qc6 Qh4 48. Qd5 Qxh5 49. e6 fxe6 50. Qd8 Nh7 51. Qd7 Qg6 52. Be5 h5 53. Kb2 h4 54. Qc8 Qe4 55. Qxe6+ 1-0

[Event "FICGS rapid M 000027 email"]
[Site "FICGS email"]
[Date "2010.03.21"]
[Round "1"]
[White "Muller, Henrique"]
[Black "Burden, Donald"]
[Result "1/2-1/2"]
[WhiteElo "2108"]
[BlackElo "2101"]
[PlyCount "68"]
[EventDate "2010.??.??"]
[EventType "tourn (rapid)"]
[EventRounds "6"]
[SourceTitle "Corr 2013"]
[Source "ChessBase"]
[SourceDate "2012.11.12"]
[SourceVersion "1"]
[SourceVersionDate "2012.11.12"]
[SourceQuality "1"]

1. e4 c5 2. Nf3 d6 3. d4 cxd4 4. Nxd4 Nf6 5. Nc3 a6 6. Bg5 e6 7. f4 Qc7 8. Qf3 Be7 9. 0-0-0 Nbd7 10. g4 b5 11. Bxf6 Nxf6 12. g5 Nd7 13. f5 Nc5 14. f6 gxf6 15. gxf6 Bf8 16. Rg1 b4 17. Nd5 exd5 18. exd5 Nd7 19. Nc6 Bb7 20. Bh3 Ne5 21. Rge1 Rg8 22. Qf4 Bxc6 23. dxc6 Rg6 24. Kb1 Bh6 25. Qxb4 Rxf6 26. Bd7+ Kd8 27. Qh4 Ke7 28. Rf1 Bg7 29. Rf4 Qa5 30. Rdf1 Ng6 31. Rxf6 Nxh4 32. Rxf7+ Kd8 33. Rxg7 Nf3 34. Ka1 Ra7 1/2-1/2

[Event "FICGS rapid A 000078 email"]
[Site "FICGS email"]
[Date "2010.03.12"]
[Round "1"]
[White "Skwarczylo, Marek"]
[Black "Muller, Henrique"]
[Result "1-0"]
[WhiteElo "1989"]
[BlackElo "2034"]
[PlyCount "69"]
[EventDate "2010.??.??"]
[EventType "tourn (rapid)"]
[EventRounds "6"]
[SourceTitle "Corr 2013"]
[Source "ChessBase"]
[SourceDate "2012.11.12"]
[SourceVersion "1"]
[SourceVersionDate "2012.11.12"]
[SourceQuality "1"]

1. d4 Nf6 2. Nf3 e6 3. c4 d5 4. Nc3 Nbd7 5. e3 c6 6. Bd3 dxc4 7. Bxc4 b5 8. Bd3 a6 9. e4 c5 10. d5 c4 11. dxe6 fxe6 12. Bc2 Qc7 13. 0-0 Bb7 14. Nd4 Nc5 15. Be3 0-0-0 16. Qe2 e5 17. Ndxb5 axb5 18. Nxb5 Qf7 19. b3 Be7 20. bxc4 Ncxe4 21. Na7+ Kb8 22. Rab1 Bc5 23. Nc6+ Ka8 24. Nxd8 Rxd8 25. Qe1 Qc7 26. Rxb7 Kxb7 27. Bxe4+ Ka6 28. Bxc5 Qxc5 29. Qb1 Qb6 30. Qc2 Nxe4 31. Qxe4 Rd4 32. Qxe5 Rxc4 33. Qxg7 h5 34. h3 h4 35. Qf7 1-0

[Event "FICGS rapid A 000077 email"]
[Site "FICGS email"]
[Date "2010.02.26"]
[Round "1"]
[White "Fric, Lubos"]
[Black "Muller, Henrique"]
[Result "1-0"]
[WhiteElo "2076"]
[BlackElo "2025"]
[PlyCount "93"]
[EventDate "2010.??.??"]
[EventType "tourn (rapid)"]
[EventRounds "6"]
[SourceTitle "Corr 2013"]
[Source "ChessBase"]
[SourceDate "2012.11.12"]
[SourceVersion "1"]
[SourceVersionDate "2012.11.12"]
[SourceQuality "1"]

1. e4 c5 2. Nf3 d6 3. d4 cxd4 4. Nxd4 Nf6 5. Nc3 a6 6. Be3 e5 7. Nb3 Be6 8. f3 Be7 9. Qd2 0-0 10. Rg1 Nc6 11. 0-0-0 a5 12. a4 Rc8 13. g4 Nb4 14. Kb1 Nd7 15. Bb5 Qc7 16. g5 Rfd8 17. Nd5 Nxd5 18. exd5 Bf5 19. Rg2 b6 20. h4 Bg6 21. Rh2 Qb7 22. Qe1 Bh5 23. Qf1 Qc7 24. Re1 Nc5 25. Nxc5 dxc5 26. Rd2 Bd6 27. Rf2 Qb7 28. Qc4 Rc7 29. Bc1 Re7 30. Rff1 Qc7 31. Bc6 Rb8 32. Bd2 Rd8 33. b3 Rb8 34. f4 exf4 35. Rxe7 Qxe7 36. Bxf4 Be2 37. Bxd6 Bxc4 38. Bxe7 Bxf1 39. d6 Bh3 40. h5 Rc8 41. Bb5 Bf5 42. Kb2 Rb8 43. Kc3 Be6 44. Bc4 Rb7 45. Bxe6 fxe6 46. g6 e5 47. Kd3 1-0

[Event "FICGS rapid A 000077 email"]
[Site "FICGS email"]
[Date "2010.02.26"]
[Round "1"]
[White "Muller, Henrique"]
[Black "Archer, J Robert"]
[Result "1/2-1/2"]
[WhiteElo "2025"]
[BlackElo "1996"]
[PlyCount "76"]
[EventDate "2010.??.??"]
[EventType "tourn (rapid)"]
[EventRounds "6"]
[SourceTitle "Corr 2013"]
[Source "ChessBase"]
[SourceDate "2012.11.12"]
[SourceVersion "1"]
[SourceVersionDate "2012.11.12"]
[SourceQuality "1"]

1. e4 e5 2. Nf3 Nc6 3. Bb5 a6 4. Ba4 Nf6 5. 0-0 Be7 6. Re1 b5 7. Bb3 0-0 8. c3 d5 9. exd5 Nxd5 10. Nxe5 Nxe5 11. Rxe5 c6 12. d4 Bd6 13. Re1 Qh4 14. g3 Qh3 15. Be3 Bg4 16. Qd3 Rae8 17. Nd2 Qh5 18. a4 Re6 19. axb5 axb5 20. Nf1 Bf5 21. Qe2 Bg4 22. Qd3 Bf5 23. Qd2 Rfe8 24. Ra6 Bh3 25. Bd1 Qg6 26. Bf3 Qf5 27. Qd1 Bf8 28. Bh1 Rf6 29. Qb1 Qh5 30. Ra7 Bxf1 31. Rxf1 Nxe3 32. fxe3 Rxe3 33. Rxf6 gxf6 34. Bxc6 Re2 35. Bg2 Bh6 36. Ra1 Be3+ 37. Kh1 Rd2 38. Qe1 Rxg2 1/2-1/2

[Event "FICGS rapid A 000077 email"]
[Site "FICGS email"]
[Date "2010.02.26"]
[Round "1"]
[White "Riha, Josef"]
[Black "Muller, Henrique"]
[Result "0-1"]
[WhiteElo "2034"]
[BlackElo "2025"]
[PlyCount "62"]
[EventDate "2010.??.??"]
[EventType "tourn (rapid)"]
[EventRounds "6"]
[SourceTitle "Corr 2013"]
[Source "ChessBase"]
[SourceDate "2012.11.12"]
[SourceVersion "1"]
[SourceVersionDate "2012.11.12"]
[SourceQuality "1"]

1. c4 Nf6 2. d4 e6 3. Nf3 d5 4. Nc3 Nbd7 5. Bg5 Be7 6. e3 0-0 7. Rc1 c6 8. Qc2 a6 9. a3 Re8 10. h3 h6 11. Bh4 dxc4 12. Bxc4 b5 13. Ba2 c5 14. dxc5 Nxc5 15. 0-0 Bb7 16. Rfd1 Qb6 17. Bxf6 Bxf6 18. b4 Bxf3 19. gxf3 Nb7 20. Ne4 Bh4 21. Kg2 a5 22. Rd7 Rad8 23. Rc7 axb4 24. Bb1 g6 25. axb4 Nd6 26. Nxd6 Rxd6 27. Qe4 Bf6 28. h4 h5 29. Qf4 e5 30. Qe4 Bd8 31. Kh3 Bxc7 0-1

[Event "FICGS class A 000066 email"]
[Site "FICGS email"]
[Date "2010.02.17"]
[Round "1"]
[White "Deline, Ralph"]
[Black "Muller, Henrique"]
[Result "1/2-1/2"]
[WhiteElo "2108"]
[BlackElo "2025"]
[PlyCount "155"]
[EventDate "2010.??.??"]
[EventType "tourn (corr)"]
[EventRounds "6"]
[SourceTitle "Corr 2013"]
[Source "ChessBase"]
[SourceDate "2012.11.12"]
[SourceVersion "1"]
[SourceVersionDate "2012.11.12"]
[SourceQuality "1"]

1. e4 c5 2. c3 d5 3. exd5 Qxd5 4. d4 Nf6 5. Nf3 e6 6. Be2 Nc6 7. Na3 cxd4 8. Nb5 Qd8 9. Nbxd4 Nxd4 10. Nxd4 Bc5 11. Bf4 0-0 12. 0-0 Qb6 13. Nb3 Rd8 14. Qc2 Be7 15. Bf3 Bd7 16. Nd4 Nd5 17. Bg3 Bf6 18. Rfd1 Be8 19. Qb3 Qxb3 20. Nxb3 Rac8 21. a4 b6 22. h3 h6 23. Be2 a5 24. Ba6 Ra8 25. Bb7 Ra7 26. Bxd5 Rxd5 27. Rxd5 exd5 28. Bf4 Ra8 29. Be3 Bd7 30. Nd4 Re8 31. b3 Be7 32. Rd1 Bc5 33. Rd3 f6 34. f3 Kf7 35. Kf2 h5 36. h4 Re5 37. Rd2 Re8 38. Rb2 Ba3 39. Rc2 Bc5 40. Rd2 g6 41. Rd1 Re5 42. Rb1 Re8 43. b4 axb4 44. cxb4 Be7 45. a5 bxa5 46. bxa5 Ra8 47. Rb7 Ke8 48. Bd2 Kd8 49. Rb1 Bd6 50. Ke3 Ra6 51. f4 Bc5 52. Rc1 Ba3 53. Rc2 Ke7 54. Kd3 Kd6 55. f5 gxf5 56. Ra2 Bc5 57. Rb2 Ke7 58. Rb7 f4 59. Nb3 Bd6 60. Bb4 Bxb4 61. Rxb4 Bf5+ 62. Kd4 Ra8 63. Rb7+ Kd6 64. Rb6+ Ke7 65. a6 Be4 66. Na5 Bxg2 67. a7 f3 68. Ke3 Kd7 69. Rxf6 Kc7 70. Rc6+ Kd7 71. Rh6 Kc7 72. Rxh5 f2 73. Kxf2 Be4 74. Nb3 Rxa7 75. Nc5 Kd6 76. Nxe4+ dxe4 77. Ke3 Ra4 78. Kf4 1/2-1/2

[Event "FICGS class A 000066 email"]
[Site "FICGS email"]
[Date "2010.02.17"]
[Round "1"]
[White "Mieza, Pablo"]
[Black "Muller, Henrique"]
[Result "1/2-1/2"]
[WhiteElo "2016"]
[BlackElo "2025"]
[PlyCount "201"]
[EventDate "2010.??.??"]
[EventType "tourn (corr)"]
[EventRounds "6"]
[SourceTitle "Corr 2013"]
[Source "ChessBase"]
[SourceDate "2012.11.12"]
[SourceVersion "1"]
[SourceVersionDate "2012.11.12"]
[SourceQuality "1"]

1. d4 Nf6 2. c4 e6 3. Nf3 d5 4. Nc3 Nbd7 5. e3 c6 6. Bd2 a6 7. Qc2 Bd6 8. cxd5 exd5 9. Bd3 0-0 10. 0-0 Re8 11. Rfe1 h6 12. h3 Nf8 13. Rac1 Be6 14. a3 Rc8 15. Na4 N8d7 16. Nc5 Nxc5 17. dxc5 Bc7 18. Bc3 Ne4 19. b4 Nxc3 20. Qxc3 Qd7 21. Nd4 Qe7 22. Nf3 Qd7 23. Nd4 Qe7 24. a4 Qg5 25. Nxe6 Rxe6 26. b5 axb5 27. axb5 Rce8 28. Re2 Be5 29. Qa5 Qf6 30. Qa4 Bc3 31. Qa7 R6e7 32. Rb1 g6 33. Qa4 Kg7 34. bxc6 bxc6 35. Rb6 Rc7 36. Ra2 Rec8 37. Qb3 d4 38. e4 Qg5 39. Qc4 Re8 40. g3 Re5 41. Qa6 Rxc5 42. Qa8 Ra5 43. Rxa5 Qxa5 44. Ra6 Qe5 45. Qb8 Re7 46. Qxe5+ Rxe5 47. Rxc6 Re7 48. Rd6 h5 49. Kg2 Bb2 50. Rb6 Bc3 51. Rd6 Bb2 52. h4 Ra7 53. e5 Bc3 54. f4 Rc7 55. Kf3 Re7 56. g4 hxg4+ 57. Kxg4 Re6 58. Rd7 Kf8 59. Rd8+ Re8 60. Rd5 Re6 61. h5 gxh5+ 62. Kxh5 Re8 63. f5 Ke7 64. Bb5 Rc8 65. Bd3 Re8 66. Kg4 f6 67. e6 Rd8 68. Rb5 Rg8+ 69. Kf4 Rg7 70. Rb7+ Kf8 71. Rb8+ Ke7 72. Rb6 Kd8 73. Ra6 Rc7 74. Ke4 Rc5 75. Ra7 Rc7 76. Ra8+ Ke7 77. Kd5 Bb4 78. Rh8 Bd6 79. Kxd4 Bb4 80. Kd5 Rc5+ 81. Ke4 Rc7 82. Rh6 Bc3 83. Kd5 Bb4 84. Rh7+ Kd8 85. Rh8+ Ke7 86. Rh7+ Kd8 87. Rh4 Rc5+ 88. Ke4 Rc7 89. Rh6 Ke7 90. Bb5 Ba3 91. Rg6 Bd6 92. Rg8 Bb4 93. Bd3 Kd6 94. Rd8+ Ke7 95. Rb8 Bd6 96. Rg8 Ba3 97. Ra8 Bd6 98. Bb5 Bb4 99. Re8+ Kd6 100. Rf8 Bc3 101. Ra8 1/2-1/2

[Event "FICGS class A 000066 email"]
[Site "FICGS email"]
[Date "2010.02.17"]
[Round "1"]
[White "Muller, Henrique"]
[Black "Domingo Gadea, Jordi"]
[Result "1-0"]
[WhiteElo "2025"]
[BlackElo "2067"]
[PlyCount "109"]
[EventDate "2010.??.??"]
[EventType "tourn (corr)"]
[EventRounds "6"]
[SourceTitle "Corr 2013"]
[Source "ChessBase"]
[SourceDate "2012.11.12"]
[SourceVersion "1"]
[SourceVersionDate "2012.11.12"]
[SourceQuality "1"]

1. e4 e5 2. Nf3 f5 3. Nxe5 Qf6 4. d4 d6 5. Nc4 fxe4 6. Nc3 Qg6 7. f3 exf3 8. Qxf3 Be7 9. Nd5 Bd8 10. Bd3 Qg4 11. Qe3+ Qe6 12. 0-0 Qxe3+ 13. Ncxe3 Nc6 14. c3 Be6 15. Nf5 Bxf5 16. Bxf5 Nge7 17. Re1 0-0 18. Be6+ Kh8 19. Nf4 Ng8 20. Bc4 Bf6 21. Ne6 Rfe8 22. Bd2 Re7 23. g3 Na5 24. Bd3 d5 25. b3 b6 26. Kg2 Nb7 27. Ng5 Bxg5 28. Bxg5 Rxe1 29. Rxe1 h6 30. Bf4 Nd6 31. Re5 g5 32. Bc1 Re8 33. h4 gxh4 34. gxh4 Rxe5 35. dxe5 Nb7 36. c4 c6 37. b4 Nd8 38. b5 dxc4 39. bxc6 Nxc6 40. Bxc4 Nge7 41. Bb2 Na5 42. Ba6 Nd5 43. Kf3 Nc7 44. Bf1 Kg7 45. Ke4 Nb7 46. h5 Nc5+ 47. Kf5 Nd5 48. e6+ Kf8 49. Bc1 Ne7+ 50. Ke5 Ng8 51. Bc4 Kg7 52. Kd6 Ne4+ 53. Kd7 Nc5+ 54. Ke8 Nf6+ 55. Kd8 1-0